Matica slovenská bude lámať svoju podstatu v metropole Spiša

Bibliographic Details
Format: Article
Language:Slovak
ISSN:1335-759X
Subjects:

MARC

LEADER 00000nab a2200000 ar4500
001 vtls008426680
003 SK-MaSNL
005 20260304025324.0
008 060127c20041123xo mr|p|||||||000 b|slo
038 |a SNSK 
040 |b slo  |c SNSK  |e AACR2 
041 0 |a slo 
044 |a xo  |c SK 
080 |a 323.233  |2 UDC-MRF-SK2 
080 |a 061.25  |2 UDC-MRF-SK2 
245 0 0 |a Matica slovenská bude lámať svoju podstatu v metropole Spiša  |c [autor](dub) 
610 2 7 |a Matica slovenská  |2 snsk  |9 14662 
650 0 7 |a valné zhromaždenia  |2 snsk  |9 49799 
651 7 |a Spišská Nová Ves (Slovensko)  |2 snsk  |9 28800 
773 0 |t Spišský denník Korzár  |g Roč. VI., č. 270 (23.11.2004), s. 1.  |x 1335-759X 
852 |a SNSK  |b KIS3GCP 
999 |c 2626621  |d 2628551